| 000 | 01413nam a22003977a 4500 | ||
|---|---|---|---|
| 003 | CHAP | ||
| 005 | 20220329133424.0 | ||
| 008 | 971013s1992 r 00010 d | ||
| 010 | _a6195 | ||
| 011 | _a7167 | ||
| 035 | _a6390 | ||
| 040 | _cCHAP | ||
| 090 | _aTesis | ||
| 100 | 0 | 0 |
_aPérez Ramírez, Nicolás. _989954 |
| 245 | _aInfluencia de la gallinaza y del fertilizante químico en el rendimiento del cultivo de maíz (Zea mays L.) en el municipio de Tenando del Aire, Estado de México | ||
| 260 |
_aChapingo, Méx. : _bEl autor, _c1992 |
||
| 300 |
_a85 h. _b; gráfs. |
||
| 500 | _a61-86 | ||
| 502 | _aTesis (Ing. Agr. Esp. en Fitotecnia) -- UACH. Departamento de Fitotecnia | ||
| 590 |
_aALEPH _b10 _c20130110 _lUCH01 _h1217 |
||
| 590 |
_aBATCH-UPD _b10 _c20130110 _lUCH01 _h0250 |
||
| 590 |
_aBATCH-UPD _b10 _c20130110 _lUCH01 _h1211 |
||
| 590 |
_aBATCH-UPD _b10 _c20130409 _lUCH01 _h2321 |
||
| 590 |
_aBATCH-UPD _b10 _c20130410 _lUCH01 _h1351 |
||
| 590 |
_aBATCH-UPD _b10 _c20130913 _lUCH01 _h1835 |
||
| 590 |
_aCONVERSION _b10 _c20130109 _lUCH01 _h1304 |
||
| 650 | 1 | 4 |
_aAbonos para maíz. _9278 |
| 650 | 1 | 4 |
_aFertilizantes para maíz. _940625 |
| 650 | 1 | 4 |
_aGallinaza. _944445 |
| 650 | 1 | 4 |
_aMaíz _xRendimiento. _971051 |
| 650 | 1 | 4 |
_aMaíz _zMéxico (Edo.). _971099 |
| 901 | _aBK | ||
| 942 | _cFOLL | ||
| 949 |
_bBC _cTES _d-15991 _eTS1 _h25266 _i6390 _si |
||
| 949 |
_bBC _cTES _d-80594 _eTS2 _fc.2 _h25267 _i6390 _si |
||
| 999 |
_c6195 _d6195 |
||